| 000 | 02618nam0a2200373 4500 | ||
|---|---|---|---|
| 001 | RU\NLR\BIBL_A\022199315 | ||
| 005 | 20260531105616.0 | ||
| 010 |
_a978-5-00207-434-1 _9300 |
||
| 021 |
_aRU _bКН-П-24-016067 _9КН-П-24-1688 |
||
| 035 | _a(NLR Aleph) 022199315 | ||
| 090 |
_a13038434 _c13038434 |
||
| 100 | _a20240416d2024 k y0rusy50 ca | ||
| 101 | 0 | _arus | |
| 102 | _aRU | ||
| 105 | _aach z 000zb | ||
| 181 | 0 |
_ai _baxxe |
|
| 182 | 0 | _an | |
| 200 | 1 |
_aК. С. Петров-Водкин: творчество как содержание жизни _e[сборник докладов IX научной конференции, посвященной 145-летию со дня рождения К. С. Петрова-Водкина] _fХвалынский художественно-мемориальный музей К. С. Петрова-Водкина (филиал Саратовского государственного художественного музея им. А. Н. Радищева) _gсоставитель В. И. Бородина |
|
| 203 |
_aТекст _bвизуальный _cнепосредственный |
||
| 210 |
_aСаратов _cАмирит _d2024 |
||
| 215 |
_a317 с. _cил., цв. ил., портр., факс. _d21 |
||
| 320 | _aБиблиогр. в конце ст. | ||
| 600 | 1 |
_aПетров-Водкин _bК. С. _f1878 - 1939 _gКузьма Сергеевич _jСъезды, совещания и т.п _91069354 _3RU\NLR\AUTH\66416192 |
|
| 686 | 1 | _aЩ143(2Р=Рус)7-8Петров-Водкин я431 | |
| 702 | 1 |
_aБородина _bВ. И. _4220 |
|
| 702 | 1 |
_4280 _8rus _7ca _aПетров-Водкин _bК. С. _f1878-1939 _gКузьма Сергеевич _3RU\NLR\AUTH\7711008 _9120766 |
|
| 711 | 1 | 2 |
_a"К. С. Петров-Водкин: творчество как содержание жизни", научная конференция _d9 _eХвалынск _f2023 _9881003 _3RU\NLR\AUTH\880609152 |
| 711 | 1 | 2 |
_a"Хвалынские этюды на родине К. С. Петрова-Водкина", фестиваль _d7 _eХвалынск _f2023 _9881006 _3RU\NLR\AUTH\880609155 |
| 712 | 0 | 2 |
_4557 _aХвалынский художественно-мемориальный музей К. С. Петрова-Водкина _9499623 _3RU\NLR\AUTH\880417256 |
| 942 | _cBOOK | ||
| 980 | _aNB | ||